Guess the lyrics (#81) - Statistics

General Stats
  • This quiz has been taken 86 times
  • The average score is 37 of 91
Answer Stats
Answer % Correct
A
97%
a
97%
A
97%
I
96%
I
96%
I
96%
the
87%
the
87%
the
87%
you
78%
you
78%
you
78%
And
77%
And
77%
And
77%
To
74%
to
74%
be
67%
in
67%
in
67%
on
65%
me
64%
go
60%
haw
58%
haw
58%
haw
58%
haw
58%
haw
58%
haw
58%
haw
58%
hear
51%
hear
51%
if
51%
if
51%
what
51%
I'm
50%
know
50%
know
50%
that
47%
that
47%
that
47%
Have
45%
Have
45%
They
45%
But
41%
let
41%
it's
40%
it's
40%
time
36%
get
32%
got
32%
Just
32%
every
29%
out
29%
night
28%
About
27%
about
27%
wanna
24%
now
22%
La
21%
town
19%
Well,
19%
gotta
17%
nice
15%
talking
15%
might
14%
fine
12%
girls
12%
home
12%
most
10%
yourself
10%
outside
9%
range
9%
round
9%
lotta
8%
mistaken
8%
Texas
8%
Grange
6%
shack
6%
ten
6%
hmm,
5%
hmm
5%
Hmm,
5%
hmm,
5%
hmm
5%
tight
5%
mercy
4%
mercy
4%
Rumor
4%
spreading
4%
Heh,
1%
No matching quizzes found
Score Distribution
Percent of People with Each Score
Percentile by Number Answered
Your Score History
You have not taken this quiz